000
00267nam a2200121Ia 4500
005
20251222152621.0
008
251222s9999||||xx |||||||||||||| ||spa||
082
_a
800/C15
100
_a
Cadeau, E.
245
0
_a
El Hombre del Auto
250
_a
1ra.ed.
942
_c
LIB
999
_c
27354
_d
27354